000 002630000a22000970004500
100 1 _aBodner, Keith
245 1 0 _aEliab and the Deuteronomist
300 _aVol. 28, Núm 1 (2003), Páginas 55-71
773 0 _tJournal for the Study of the Old Testament
942 _cANA
999 _c54944
_d54944